| 000 | 00791nam a2200229 i 4500 | ||
|---|---|---|---|
| 001 | 32124 | ||
| 003 | ES-MaACL | ||
| 005 | 20230906154521.0 | ||
| 007 | t| | ||
| 008 | 030221s1958 sp ||||1| spa d | ||
| 080 | _a741.5 | ||
| 100 | 1 |
_aLaca. _969309 |
|
| 245 | 1 | 0 |
_aSiluetas conocidas. _n, . Tomo I, _p(Comprende las primeras 250 siluetas conocidas) / _cdibujos de Laca ; "ripios" de Candidín ; prólogo de Rafael Láinez Alcalá. |
| 250 | _a1ª ed. | ||
| 260 |
_aSalamanca : _bEdiciones Salamanca, _c[1958?] |
||
| 300 |
_a250 p. : _bprincipalmente il ; _c21 cm. |
||
| 650 | 4 |
_aCaricatura- _zSalamanca- _yS.XX. _910779 |
|
| 700 | 1 |
_aCandidín. _934465 |
|
| 700 | 1 |
_aLáinez Alcalá, Rafael, _d1899-1982 _969691 |
|
| 852 |
_aES-MaACL _jE-4290 _bR.41667 |
||
| 999 |
_c32124 _d32124 |
||